| 000 | 01511nam a2200349 i 4500 | ||
|---|---|---|---|
| 001 | 000004033 | ||
| 003 | DO-SdBNP | ||
| 005 | 20260305073950.0 | ||
| 007 | ta | ||
| 008 | 090716s1983 dr r 000 0 spa d | ||
| 040 |
_aDO-SdBNP _bspa _cBNPHU _erda |
||
| 041 | _aspa | ||
| 082 | 4 |
_a336.206 _bR335i _222 |
|
| 245 | 0 | 0 |
_aRégimen de incentivos en la economía dominicana / _ceditor, Frank Moya Pons. |
| 260 | _aSanto Domingo : | ||
| 264 |
_aSanto Domingo, República Dominicana : _bFORUM, _c1983. |
||
| 300 |
_a197 páginas ; _c23 cm. |
||
| 336 |
_atexto _btxt _2rdacontent |
||
| 337 |
_asin mediación _bn _2rdamedia |
||
| 338 |
_avolumen _bnc _2rdacarrier |
||
| 490 | 0 |
_aFORUM ; _v7 |
|
| 500 | _aIncluye referencias bibliográficas y notas al pie de las páginas | ||
| 500 | _aExposiciones presentadas en el Encuentro sobre Régimen de Incentivos en la Economía Dominicana, celebrado por FORUM el miércoles 17 de noviembre de 1982, en el Salón Caonabo del Hotel Santo Domingo Sur. | ||
| 590 | _aInventariado, 2018/LP | ||
| 650 | 4 |
_aDesarrollo económico _vCONGRESOS, CONFERENCIAS, ETC. _912048 |
|
| 650 | 4 |
_aImpuestos _zRepública Dominicana _vCongresos, conferencia, etc. _912049 |
|
| 650 | 4 |
_aPromoción industrial _zRepública Dominicana _vCongresos, conferencias, etc. _912050 |
|
| 651 | 4 |
_aRepública Dominicana _xCondiciones económicas _vCongresos, conferencias, etc. _97000 |
|
| 700 | 1 |
_aMoya Pons, Frank, _d1944- _eed. _92095 |
|
| 910 | _aValidado. Control de calidad MFF | ||
| 942 |
_2ddc _cLBS1 |
||
| 999 |
_c3852 _d3852 |
||